introduction to wave phenomena (Record no. 8649)

MARC details
000 -LEADER
fixed length control field 00522nam a2200193Ia 4500
003 - CONTROL NUMBER IDENTIFIER
control field IN-BaIIA
008 - FIXED-LENGTH DATA ELEMENTS--GENERAL INFORMATION
fixed length control field 211028s9999 xx 000 0 eng d
020 ## - INTERNATIONAL STANDARD BOOK NUMBER
International Standard Book Number 0-471-81440-7
040 ## - CATALOGING SOURCE
Transcribing agency IIA Library
080 ## - UNIVERSAL DECIMAL CLASSIFICATION NUMBER
Universal Decimal Classification number 532.59
Item number HIR
100 ## - MAIN ENTRY--PERSONAL NAME
Personal name Hirose, Akira
9 (RLIN) 14519
245 #0 - TITLE STATEMENT
Title introduction to wave phenomena
Statement of responsibility, etc. Akira Hirose and Karl E Lonngren
260 ## - PUBLICATION, DISTRIBUTION, ETC.
Place of publication, distribution, etc. New York
Name of publisher, distributor, etc. Wiley-Interscience
Date of publication, distribution, etc. 1985
300 ## - PHYSICAL DESCRIPTION
Extent xiv, 355p.
650 ## - SUBJECT ADDED ENTRY--TOPICAL TERM
Topical term or geographic name entry element NASA thesaurus
650 ## - SUBJECT ADDED ENTRY--TOPICAL TERM
Topical term or geographic name entry element Waves
700 ## - ADDED ENTRY--PERSONAL NAME
Personal name Lonngren, Karl E.
9 (RLIN) 14520
942 ## - ADDED ENTRY ELEMENTS (KOHA)
Koha item type Books
Holdings
Withdrawn status Lost status Damaged status Not for loan Home library Current library Shelving location Date acquired Cost, normal purchase price Total Checkouts Full call number Barcode Date last seen Cost, replacement price Price effective from Koha item type Purchase Price
        IIA Library-Bangalore IIA Library-Bangalore General Stacks 21/03/1986 644.35   532.59/ HIR 9522 05/11/2021 644.35 21/03/1986 Books Rs. 644.35

Powered by Koha